| 000 | 00651nam a2200217 a 4500 | ||
|---|---|---|---|
| 999 |
_c3483 _d3483 |
||
| 001 | 3483 | ||
| 003 | BD-JhCC | ||
| 005 | 20171114090743.0 | ||
| 008 | 171114s1967 bg |||| ||a| 000 0 ben d | ||
| 035 | _a(BD-JhCC)3483 | ||
| 040 |
_aBD-JhCC _dBD-JhCC |
||
| 041 | _aben | ||
| 082 |
_a920 _bHOS 1967 |
||
| 100 | _aহোসেন, কাজী আবুল | ||
| 245 |
_aছোটদের আইয়ুব খান / _cকাজী আবুল হোসেন, |
||
| 260 |
_aঢাকা : _bআহমদ পাবলিশিং হাউস, _c1967 |
||
| 300 |
_a58 p. : _c17 cm. |
||
| 650 | _aBiography | ||
| 942 |
_2ddc _cBK |
||